Manažment rizika: veda či umenie?

Riziko je kľúčový strategický bod, manažment rizika je strategický podnikateľský proces. Manažment rizika ako proces, keď organizácia metodicky hodnotí rizikovosť svojich aktivít s cieľom dosiahnuť zisk v rámci každej činnosti a zároveň v rámci portfólia všetkých činností. Proces manažmentu rizika -...

Descrizione completa

Salvato in:
Dettagli Bibliografici
Autore principale: Čunderlík, Dušan
Natura: Capitolo di libro
Lingua:slovacco
Soggetti:
Tags: Aggiungi Tag
Nessun Tag, puoi essere il primo ad aggiungerne!!

MARC

LEADER 00000naa$a2200000$$$4500
001 0023981
005 20240502071418.9
041 0 |a slo 
044 |a SK 
245 1 0 |a Manažment rizika: veda či umenie?  |c Dušan Čunderlík 
520 |a Riziko je kľúčový strategický bod, manažment rizika je strategický podnikateľský proces. Manažment rizika ako proces, keď organizácia metodicky hodnotí rizikovosť svojich aktivít s cieľom dosiahnuť zisk v rámci každej činnosti a zároveň v rámci portfólia všetkých činností. Proces manažmentu rizika - jednotlivé kroky. Fázy rizikového manažmentu - spoznanie rizika, zhodnotenie rizika, riadenie rizika, kontrola rizika. 
610 2 0 |a risk management 
610 2 0 |a definície 
610 2 0 |a procesy podnikové 
610 2 0 |a metódy riadenia 
100 1 |a Čunderlík, Dušan